Responses for show #8467 - Tuesday, September 14, 2021

Matt Amodio game 20.

Contestants

[<< previous game]

Elizabeth Hunter, a community theatre artistic director from Somerville, Massachusetts

Daniel Lee, a tutor from Ridgewood, New York

Matt Amodio, a Ph.D. student from New Haven, Connecticut (whose 19-day cash winnings total $642,601)

[next game >>]

Jeopardy! Round responses

RECENT FICTION
THE WILD WEST
GAME STOP
HOLIDAYS & OBSERVANCES
REALITY SHOW WINNERS
STRUCTURAL IDIOMS
    $200 27
Don Quixote

Daniel
    $200 25
Billy the Kid

Daniel
    $200 26
checkmate

Daniel
    $200 24
Alaska

Daniel
    $200 30
American Idol

Matt
    $200 20
over the counter

Daniel
    $400 23
(Margaret) Atwood

Daniel
    $7,600 15
Deadwood

Matt
    $400 22
(Matt: What's 15?)
(Daniel: What is 5?)

10

MattDanielElizabeth
    $400 21
Arbor Day

Daniel
    $400 29
RuPaul's Drag Race

Matt
    $400 14
goalposts

Matt
    $600 11
(John) Grisham

Matt
    $600 9
Oklahoma

Matt
    $600 18
baseball

Matt
    $600 17
(Mike: Yes, because they always passed him over for an Oscar.)

Passover

Matt
    $600 28
The Masked Singer

Triple Stumper
    $600 8
table

Matt
    $800 10
(James) Patterson

Elizabeth
    $800 5
Cody

Matt
    $800 13
Monopoly

Daniel
    $800 12
Tet

Matt
    $800 19
Project Runway

Triple Stumper
    $800 4
blow the roof off

Matt
    $1000 1
Normal People

Triple Stumper
    $1000 2
Dalton Gang

Matt
    $1000 6
gin rummy

Matt
    $1000 7
Diwali

Matt
    $1000 16
Dancing with the Stars

Matt
    $1000 3
water under the bridge

Daniel

Scores at the first commercial break (after clue 15):

Matt Daniel Elizabeth
$15,200 $1,800 $800

Scores at the end of the Jeopardy! Round:

Matt Daniel Elizabeth
$17,600 $3,200 $1,200

Double Jeopardy! Round responses

17th CENTURY NAMES
CENTRAL AMERICAN CAPITALS
THE OLD TESTAMENT
FOOD & DRINK
CELEBRITIES
CROSSWORD CLUES "M"
    $400 23
(René) Descartes

Elizabeth
    $400 29
an earthquake

Elizabeth
    $400 1
Psalms

Elizabeth
    $400 24
tea

Daniel
    $400 27
Dwayne Johnson

Elizabeth
    $400 30
Midas

Elizabeth
    $800 22
(Elizabeth: [*]? What is--who is [*]?)

Cyrano de Bergerac

Elizabeth
    $800 21
San Jose

Matt
    $2,000 2
Joseph

Elizabeth
    $800 20
Switzerland

Matt
    $800 28
(Dolly) Parton

Matt
    $800 25
(Daniel: What are multivitamins?)
...
(Mike: It had to be 12 letters.)

multivitamin

MattDaniel
    $1200 11
(Elizabeth: Who is Rembrandt?)

Vermeer

DanielElizabeth
    $1200 18
Belize

Matt
    $1200 3
Canaan

Daniel
    $1200 19
almonds

Elizabeth
    $1200 26
(Jerry) Springer

Matt
    $1200 17
mannequin

Matt
    $1600 8
Champlain

Matt
    $1600 10
Managua

Matt
    $1600 7
the Pentateuch

Daniel
    $1600 14
chickpeas

Daniel
    $1600 16
(Mike: Right, "I Kissed A Girl".)

Katy Perry

Daniel
    $1600 12
methane

Matt
    $4,400 4
John Milton

Daniel
    $2000 9
(Frank) Gehry

Matt
    $2000 6
Mount Moriah

Triple Stumper
    $2000 13
kefir

Matt
    $2000 15
Messi

Matt
    $2000 5
manifesto

Daniel

Scores at the end of the Double Jeopardy! Round:

Matt Daniel Elizabeth
$35,200 $16,400 $6,000
(lock game)

[wagering suggestions for these scores]

Final Jeopardy! Round responses

SCIENTIFIC ETYMOLOGY
(Mike: [To Elizabeth] Armalcolite was named after them after they picked it up off of the lunar surface as part of Apollo 11.)
ElizabethWho are Armstrong & Collins
$5,000
DanielWho are ? + ?
$4,401
MattWho are Armstrong & Aldrin?
$1,000
(2 of) (Neil) Armstrong, (Buzz) Aldrin or (Michael) Collins

Final scores:

Matt Daniel Elizabeth
$36,200 $11,999 $11,000
20-day champion: $678,801 2nd place: $2,000 3rd place: $1,000

Game dynamics:

Coryat scores:

Matt Daniel Elizabeth
$28,000 $14,000 $4,800
29 R
(including 1 DD),
1 W
17 R
(including 1 DD),
2 W
10 R
(including 1 DD),
1 W

Combined Coryat: $46,800

The J! Archive is created by fans, for fans. The Jeopardy! game show and all elements thereof, including but not limited to copyright and trademark thereto, are the property of Jeopardy Productions, Inc. and are protected under law. This website is not affiliated with, sponsored by, or operated by Jeopardy Productions, Inc. Join the discussion at JBoard.tv.